000
00337nam a22001457a 4500
008
210521b ||||| |||| 00| 0 eng d
020
_a
038514945X
041
_a
eng
080
_a
004
082
_a
004
100
_a
28
101
_a
SHKI
245
_a
Computers and Data Processing Made Simple
_c
Calvin A. Hofeditz
942
_2
udc
_c
BK
999
_c
57575
_d
57575